000 00604cam a22002053a 4500
001 45774
003 PGUSA
005 20140828084049.0
008 140526s2014||||xxu|||||s|||||000 | eng d
040 _aPGUSA
_beng
042 _adc
100 1 _aNorway, George
245 1 0 _aRalph Denham's Adventures in Burma :
_bA Tale of the Burmese Jungle
_h[electronic resource] /
_cGeorge Norway
260 _bProject Gutenberg,
_c2014
506 _aPublic domain in the USA.
516 _aElectronic text
830 0 _aProject Gutenberg
_v45774
856 4 0 _uhttp://www.gutenberg.org/ebooks/45774
942 _cEB
999 _c275024
_d275024